000 00277nam a22001337a 4500
020 _a0-446-60654-5
082 _a823
_bLEE/A
100 _aLEE,RACHEL
245 _aAFTER I DREAM
260 _aNEW YORK
_bWARNER BOOKS
300 _a372
650 _aNOVEL
_zNEW YORK
942 _cBK
999 _c2437
_d2437